000 00802nam a2200229Ia 4500
005 20220719092324.0
008 210716s2017 xx 000 0 und d
020 _a9781786463708
040 _cAIMIT LIBRARY
041 _aeng
082 _a005.76821
_21
_bDRAT
100 _aDrabas, Tomasz.
_950996
245 _aLearning pyspark :
_bbuild data intensive applications locally and deploy at scale using the combined powers of python and spark 2.0 /
_cBy Tomasz Drabas and Denny Lee.
250 _a1st ed.
260 _aMumbai :
_bPackt Publishing Ltd ,
_c2017.
300 _axii, 250p. ;
_c23 cm.
650 _aUnderstanding spark
_950997
650 _aDataframes
_950998
650 _aIntroducing the ML package
_950999
700 _aLee, Denny.
_951000
942 _2ddc
_cBK
_e1st
_k005.76821 DRAT
999 _c196630
_d196630